000 00512nam a2200217Ia 4500
001 40377
005 20240114003336.0
007 ta
008 071016s a g b000 u 465 u
040 _aCotton College,Assam
041 _a465
082 _a530.12
_bSc 31 L
100 _aSchiff, L I .
245 0 _aQuantum Mechanics /
_cL I Schiff.
_hTextual Documents
300 _bill ;
653 _aPhysics
653 _aG-Physics
942 _2ddc
_cBK
999 _c40348
_d40348